000
00319nam a2200121Ia 4500
008
190415s9999 xx 000 0 und d
082
_a
RI.0014
100
_a
Pande, K.C.
245
0
_a
Linkage elite and fifth Lok Sabha elections : A case study in the context of Raj
260
_c
1975
300
_a
211p.
942
_c
BK
999
_c
16526
_d
16526